000 00393pab a2200157 454500
008 180718b2012 xxu||||| |||| 00| 0 eng d
100 _aChen, Katherine K.
245 _aArtistic prosumption: Cocreative destruction at burning man
260 _c2012
300 _ap.570-595.
362 _aApr
650 _aArts
773 _aAmerican Behavioral Scientist
908 _aN
909 _a95820
999 _c95820
_d95820